Nelson Textbook of Pediatrics (Vol.1)/ (Record no. 1859)
[ view plain ]
| 000 -LEADER | |
|---|---|
| Fixed length control field | 00859nam a2200301Ia 4500 |
| 003 - CONTROL NUMBER IDENTIFIER | |
| Control field | IIN |
| 005 - DATE AND TIME OF LATEST TRANSACTION | |
| Control field | 20250604123349.0 |
| 008 - FIXED-LENGTH DATA ELEMENTS--GENERAL INFORMATION | |
| Fixed length control field | 250604s2025 |||ad||| |||| 001 0 eng d |
| 020 ## - INTERNATIONAL STANDARD BOOK NUMBER / ISBN | |
| International Standard Book Number | 9780323882996 |
| Price | 6820.00 |
| 020 ## - INTERNATIONAL STANDARD BOOK NUMBER / ISBN | |
| International Standard Book Number | 9780323883085 (SET) |
| 040 ## - CATALOGING SOURCE | |
| Original cataloging agency | IIN |
| Language of cataloging | Eng |
| 082 ## - DEWEY DECIMAL CLASSIFICATION NUMBER | |
| Classification number | 610.7372 |
| Book Number | KLI |
| 100 1# - MAIN ENTRY--PERSONAL NAME | |
| Personal name | Kliegman, Robert M. |
| 245 1# - TITLE STATEMENT | |
| Title | Nelson Textbook of Pediatrics (Vol.1)/ |
| Statement of responsibility | Robert M. Kliegman...[et al] |
| 250 ## - EDITION STATEMENT | |
| Edition statement | 22nd ed |
| 260 ## - IMPRINT | |
| Place of publication | Philadelphia |
| Name of publisher | Elsevier |
| Date of publication | 2025 |
| 300 ## - PHYSICAL DESCRIPTION | |
| Page / Vol. No | lxxviii, 2222 [I-132]p. / Vol.1 |
| Other physical details | col. ill. |
| 500 ## - GENERAL NOTE | |
| General note | Includes Index |
| 650 1# - SUBJECT ADDED ENTRY--TOPICAL TERM | |
| Topical term | Pediatric |
| Form subdivision | Nursing |
| 700 ## - ADDED ENTRY--PERSONAL NAME | |
| Personal name | Geme III, Joseph W. St. |
| 700 ## - ADDED ENTRY--PERSONAL NAME | |
| Personal name | Blum, Nathan J. |
| 700 ## - ADDED ENTRY--PERSONAL NAME | |
| Personal name | Tasker, Robert C. |
| 700 ## - ADDED ENTRY--PERSONAL NAME | |
| Personal name | Wilson, M. Karen |
| 700 ## - ADDED ENTRY--PERSONAL NAME | |
| Personal name | Schuh, Abigail M. |
| 700 ## - ADDED ENTRY--PERSONAL NAME | |
| Personal name | Mack, Cara L. |
| 700 ## - ADDED ENTRY--PERSONAL NAME | |
| Personal name | Deardroff, Matthew A. |
| 942 ## - ADDED ENTRY ELEMENTS (KOHA) | |
| Koha item type | Books |
| Withdrawn status | Lost status | Source of classification | Damaged status | Not for loan | Collection code | Home library | Current library | Shelving location | Date acquired | Price | Total Checkouts | Call number | Accession number | Date last seen | Price effective from | Koha item type |
|---|---|---|---|---|---|---|---|---|---|---|---|---|---|---|---|---|
| Dewey Decimal Classification | Purches Book | IDEAL INSTITUTE OF NURSING | IDEAL INSTITUTE OF NURSING | General Stacks | 11/03/2025 | 6820.00 | 610.7372 KLI | 2108 | 04/06/2025 | 04/06/2025 | Books |
